Normal view
MARC view
- إعداد سحر الدلاهمة، حسن عكور
Entry Personal Name
001 - CONTROL NUMBER
- control field: 51630
003 - CONTROL NUMBER IDENTIFIER
- control field: JO-AjAnu
005 - DATE AND TIME OF LATEST TRANSACTION
- control field: 20230606082507.0
008 - FIXED-LENGTH DATA ELEMENTS
- fixed length control field: 230606|| aca||aabn | a|a d
040 ## - CATALOGING SOURCE
- Original cataloging agency: JO-AjAnu
- Transcribing agency: JO-AjAnu
100 ## - HEADING--PERSONAL NAME
- Personal name: إعداد سحر الدلاهمة، حسن عكور
670 ## - SOURCE DATA FOUND
- Source citation: Work cat.: (JO-AjAnu)26389: إعداد سحر الدلاهمة، حسن عكور, author, مجلس البناء الوطني الأردني، وزارة الأشغال العامة والإسكان: كودة الوقاية من الحرائق